00383nam a22001097a 450000500170000002000180001708200190003510000230005424501280007726000500020530000180025520260624123857.0 a9781009385886 a 338.951 CAR?C aCarney , Richard W aChina's chance to lead:bacquiring global influence via infrastructure development and digitalization/cBy Richard W.Carney a. - U Kb: Cambridge University pressc, 2024 axix+365 pages